Manifestácia priateľstva XX. slávnosti mieru a československo- sovietskej družby v kraji

Bibliographic Details
Main Author: Koma, Dušan (Author)
Format: Article
Language:Slovak
Subjects:

MARC

LEADER 00000nab a2200000 a 4500
001 vtls000004975
003 SK-MaSNL
005 20260303020913.0
008 111103c1978 xo 0 slo
015 |a SNBRB19rr/mm-uuuuu 
035 |a CL0015068 
040 |a SNKBUCL  |b slo  |c SNKBUCL  |e AACR2 
041 0 |a slo 
044 |a xo  |c SK 
080 |a 323(437.6)  |2 1981 
100 1 |a Koma, Dušan  |4 aut  |9 1001107 
245 1 0 |a Manifestácia priateľstva  |b XX. slávnosti mieru a československo- sovietskej družby v kraji  |c Koma,Dušan ; Dušan Koma 
650 0 7 |a ČSSR  |2 snkbucl  |9 335647 
650 0 7 |a slávnosti mieru a československo-sovietskej družby  |2 snkbucl  |9 1001326 
651 7 |a 5308  |2 snkbucl  |9 279395 
651 7 |a Sovietsky zväz  |2 snkbucl  |9 22126 
655 7 |a články z novín a časopisov  |2 snkbucl  |9 267496 
700 1 |a Koma, Dušan  |4 aut  |9 1001107 
773 0 |t Smer  |g Roč. 30, č. 196 (21. 8. 1978), s. 1 a 2 
850 |a Slovenská národná knižnica v Martine  |a MTA001 
852 |a SNK  |b KIS3GCP 
958 |a RK 
992 |a RBX 
999 |c 1620445  |d 1622375